| 000 | 00790 a2200217 4500 | ||
|---|---|---|---|
| 010 | _aENG-85217 | ||
| 020 |
_a817211205X _c1250.00 |
||
| 035 | _aEN-68750 | ||
| 037 | _bD.B.Act / Pub | ||
| 082 | 1 | 4 | _a800 |
| 090 |
_c1704 _d1704 |
||
| 245 | 1 |
_aEast Asian literatures (Japanese, Chinese and Korean) _cedited by P. A. George _ban interface with India |
|
| 260 |
_aNew Delhi _bNorthern Book Centre _c2006. |
||
| 270 |
_a4221/1, Ansari Road, Darya Ganj _bNew Delhi _cDelhi _e110002 _k23264519 _l23252651 |
||
| 300 |
_axxv, 217 p. _c22 cm. (Hb) |
||
| 500 | _aIncludes bibliographical references and index | ||
| 650 |
_aLiterature _zAsian |
||
| 700 | _aGeorge, P.A. | ||
| 942 |
_adpl _cEN _k800 / GEO |
||
| 999 |
_c1674 _d1674 |
||